|
|
|
|
| LEADER |
00000nam a2200000 a 4500 |
| 001 |
vtls001073135 |
| 003 |
SK-MaSNL |
| 005 |
20260301111027.0 |
| 008 |
250414s1993 xo 0 slo |
| 015 |
|
|
|a SNBA1993/11
|
| 020 |
|
|
|a 8096700901
|
| 035 |
|
|
|a SNK000015966
|
| 040 |
|
|
|a SNK
|b slo
|c SNK
|e AACR2
|
| 041 |
0 |
|
|a slo
|
| 044 |
|
|
|a xo
|c SK
|
| 080 |
|
|
|a 613.88(035)
|2 1981
|
| 100 |
1 |
|
|a Bednár, Roman,
|d 1942-
|4 aut
|9 102042
|
| 245 |
1 |
0 |
|a Extáza erotiky
|c Roman Bednár
|
| 250 |
|
|
|a [1. vyd.]
|
| 260 |
|
|
|a Bratislava
|b PPB
|c 1993
|
| 300 |
|
|
|a 87 s.
|b Lit. 17 zázn. v angl. a nem.
|c 20 cm
|
| 500 |
|
|
|a Rozlož. tit. list
|
| 852 |
|
|
|a Slovenská národná knižnica
|
| 919 |
|
|
|a 80-967009-0-1
|
| 954 |
|
|
|a sexualita
|
| 958 |
|
|
|a APR
|
| 958 |
|
|
|a TL
|
| 958 |
|
|
|a NB
|
| 999 |
|
|
|c 705151
|d 707081
|
| 952 |
|
|
|t P60, <04>, [BOOK], {604}
|a SNK
|b SNK
|y VYP
|7 0
|p 17A0346510
|o snkSD 65793 D1
|i snkKSP 8993/93
|0 0
|1 0
|4 0
|d 2002-06-28
|l 0
|r 2004-12-31 00:00:00
|w 2026-02-23
|
| 952 |
|
|
|a SNK
|b SNK
|y PREZ
|7 0
|p 17A1045611
|o snkSD 65793
|0 0
|1 0
|4 0
|d 2013-07-18
|l 0
|r 2026-02-23 21:13:12
|w 2026-02-23
|